| 000 | 00737nam a2200181 i 4500 | ||
|---|---|---|---|
| 001 | 77458 | ||
| 003 | ES-MaACL | ||
| 005 | 20230906173224.0 | ||
| 007 | t| | ||
| 008 | 041018m19271930fr ||||1| fre d | ||
| 100 | 1 |
_aMagnel, Gustave. _975491 |
|
| 245 | 1 | 0 |
_aPractique du calcul du béton armé / _cpar G. Magnel. |
| 250 | _a2ém. ed. | ||
| 260 |
_aParis : _bDunod, _c1927-1930. |
||
| 300 |
_a5 v. : _bil. ; _c20 cm. |
||
| 505 | 8 | _aContiene: 1er partie.-- 2e éd. -- 2e partie: poutres continues et plaques hyperstatiques (texte). -- 2e éd. -- 2e partie: poutres continues et plaques hyperstatiques (planches). -- 2e éd. -- 3e partie: calcul des arcs (texte). -- 3e partie: calcul des arcs (planches) | |
| 852 |
_aES-MaACL _jA-1871-75 |
||
| 999 |
_c77458 _d77458 |
||